000 00685cam a22002053a 4500
001 33620
003 PGUSA
005 20140828083727.0
008 100903s2010||||xxu|||||s|||||000 | eng d
040 _aPGUSA
_beng
042 _adc
100 1 _aKnowles, J. Harris
_q(John Harris),
_d1832-1908
245 1 2 _aA Flight in Spring :
_bIn the car Lucania from New York to the Pacific coast and back, during April and May, 1898
_h[electronic resource] /
_cJ. Harris Knowles
260 _bProject Gutenberg,
_c2010
506 _aPublic domain in the USA.
516 _aElectronic text
830 0 _aProject Gutenberg
_v33620
856 4 0 _uhttp://www.gutenberg.org/ebooks/33620
942 _cEB
999 _c262875
_d262875